Vegetation ecology (Record no. 1208748)

MARC details
000 -LEADER
fixed length control field 01053nam a2200325Ia 4500
003 - CONTROL NUMBER IDENTIFIER
control field OSt
005 - DATE AND TIME OF LATEST TRANSACTION
control field 20221007121329.0
008 - FIXED-LENGTH DATA ELEMENTS--GENERAL INFORMATION
fixed length control field 221006b |||||||| |||| 00| 0 eng d
020 ## - INTERNATIONAL STANDARD BOOK NUMBER
International Standard Book Number 9781444338898 (pbk)
037 ## - SOURCE OF ACQUISITION
Terms of availability Textual
040 ## - CATALOGING SOURCE
Original cataloging agency BDL
Transcribing agency BDL
Language of cataloging eng
041 ## - LANGUAGE CODE
Source of code eng
Language code of text/sound track or separate title eng
100 ## - MAIN ENTRY--PERSONAL NAME
Personal name Franklin Janet Ed.
9 (RLIN) 711494
245 #0 - TITLE STATEMENT
Title Vegetation ecology
Remainder of title Marrel Eddy van der Ed.
250 ## - EDITION STATEMENT
Edition statement 2
260 ## - PUBLICATION, DISTRIBUTION, ETC.
Place of publication, distribution, etc. Chichester
Name of publisher, distributor, etc. Wiley-Black
Date of publication, distribution, etc. 2013
300 ## - PHYSICAL DESCRIPTION
Extent xvi, 556p.
Dimensions cm.
500 ## - GENERAL NOTE
General note Includes bibliographical references; Index 531-556p.
650 ## - SUBJECT ADDED ENTRY--TOPICAL TERM
Topical term or geographic name entry element Plant communities
9 (RLIN) 711495
650 ## - SUBJECT ADDED ENTRY--TOPICAL TERM
Topical term or geographic name entry element Plant community
9 (RLIN) 711496
650 ## - SUBJECT ADDED ENTRY--TOPICAL TERM
Topical term or geographic name entry element Plant ecology
9 (RLIN) 506662
650 ## - SUBJECT ADDED ENTRY--TOPICAL TERM
Topical term or geographic name entry element Botany
700 ## - ADDED ENTRY--PERSONAL NAME
Personal name Marrel Eddy van der Ed.
9 (RLIN) 711497
942 ## - ADDED ENTRY ELEMENTS (KOHA)
Classification part I:5, Q3 Carb
Koha item type Textual
Source of classification or shelving scheme Colon Classification (CC)
Holdings
Withdrawn status Lost status Source of classification or shelving scheme Damaged status Not for loan Home library Current library Date acquired Source of acquisition Total Checkouts Full call number Barcode Date last seen Price effective from Koha item type
    Colon Classification (CC)     Department of Botany Library Department of Botany Library 2022-10-07 680, 29/09/2014, Dhanraj Book House   I:5 Q3 Carb BD0005808 2022-10-07 2022-10-07 Textual
Copyright @ Delhi University Library System